Digital Design : Principles and Practices
Uložené v:
| Hlavný autor: | |
|---|---|
| Médium: | Kniha |
| Jazyk: | English |
| Vydavateľské údaje: |
Upper Saddle River :
Pearson Education International,
2006
|
| Vydanie: | 4. vyd. |
| Tagy: |
Žiadne tagy, Buďte prvý, kto otaguje tento záznam!
|
MARC
| LEADER | 00000nam a22000003a 4500 | ||
|---|---|---|---|
| 001 | stu262742 | ||
| 005 | 20150617230224.2 | ||
| 008 | 130215s--------xxu-----------------eng-d | ||
| 020 | |a 0-13-186389-4 | ||
| 040 | |a STU |b slo | ||
| 041 | 0 | |a eng | |
| 044 | |a xxu | ||
| 100 | 1 | |a Wakerly, John F |4 aut | |
| 245 | 1 | |a Digital Design : |b Principles and Practices | |
| 250 | |a 4. vyd. | ||
| 260 | |a Upper Saddle River : |b Pearson Education International, |c 2006 | ||
| 300 | |a 895 s | ||
| 996 | |c I*2V5670 |l I |s A |a 24 |w stu262742_0001 | ||